Statistics for First Names as Last Names - Baseball

Click here to take the quiz!

General Stats

  • This quiz has been taken 4,681 times
  • The average score is 15 of 22

Answer Stats

Player % Correct
BabeRuthBabe Ruth
99%
HankAaronHank Aaron
95%
NolanRyanNolan Ryan
91%
ChipperJonesChipper Jones
86%
JohnnyDamonJohnny Damon
74%
GeorgeBrettGeorge Brett
72%
EddieMurrayEddie Murray
71%
FrankThomasFrank Thomas
70%
GaylordPerryGaylord Perry
70%
CliffLeeCliff Lee
70%
TommyJohnTommy John
70%
DizzyDeanDizzy Dean
69%
JoeMorganJoe Morgan
68%
LouBrockLou Brock
66%
RyanHowardRyan Howard
65%
BillyMartinBilly Martin
63%
JeffKentJeff Kent
61%
DaveStewartDave Stewart
59%
MarkGraceMark Grace
57%
FredLynnFred Lynn
56%
MikeScottMike Scott
54%
KevinMitchellKevin Mitchell
53%

Score Distribution

Percentile by Number Answered

Percent of People with Each Score

Your Score History

You have not taken this quiz